000 00336nam a22001457a 4500
008 211019b ||||| |||| 00| 0 eng d
020 _a9780805390551
041 _aeng
080 _a004
082 _a004
100 _a28
101 _aSHKI
245 _aData Structures and Algorithm Analysis in Ada
_cWeiss,M.A
942 _2udc
_cBK
999 _c58292
_d58292